000 00951cam a2200265 a 4500
001 000013240
003 DO-SdBNP
005 20251103174447.0
008 840222s1947 ag 000 0 spa
040 _aDO-SdBNP
_cCarP
_dDLC
043 _an-us---
049 _aBNGR
050 0 0 _aHJ8030
_b.M618
082 _annn
_bM927n
100 1 _aMoulton, Harold Glenn,
_d1883-
_930401
245 1 3 _aLa nueva filosofía de la deuda pública /
_cHarold Glenn Moulton ; con un estudio preliminar sobre la La nueva filosofía de la deuda pública en la Argentina por Dino Jarach.
260 _a[Buenos Aires] :
_bInstituto Argentino de Investigaciones y Estudios Económicos,
_c1947.
300 _a127 p. ;
_c21 cm.
650 0 _aDebts, public.
_930402
650 0 _aInflación
_9201
650 0 _aFinance, public
_zUnited States. [From Old Catalog]
_930404
700 1 _aJarach, Dino
_930405
910 _aCatalogación por copia / LC
942 _2ddc
_cLBS1
999 _c12872
_d12872